Normal view
MARC view
- EMANNUEL, P,LEFF, EDWARD
Entry Personal Name
001 - CONTROL NUMBER
- control field: 74265
003 - CONTROL NUMBER IDENTIFIER
- control field: NUST
005 - DATE AND TIME OF LATEST TRANSACTION
- control field: 20210628205154.0
008 - FIXED-LENGTH DATA ELEMENTS
- fixed length control field: 210628|| aca||aabn | a|a d
040 ## - CATALOGING SOURCE
- Original cataloging agency: NUST
- Transcribing agency: NUST
100 ## - HEADING--PERSONAL NAME
- Personal name: EMANNUEL, P,LEFF, EDWARD
670 ## - SOURCE DATA FOUND
- Source citation: Work cat.: (NUST): EMANNUEL, P,LEFF, EDWARD, INTRODUCTION TO FEEDBACK CONTROL SYSTEMS , 1976
